| 000 | 00000nam 2200000zi 4500 |
| 001 | 9.941069 |
| 003 | CaOODSP |
| 005 | 20240726113635 |
| 006 | m o d f |
| 007 | cr |n||||||||| |
| 008 | 240725e20220707onc o f000 0 eng d |
| 040 | |aCaOODSP|beng|erda|cCaOODSP |
| 043 | |an-cn--- |
| 086 | 1 |aPS84-251/2022E-PDF |
| 245 | 00|aOffender Management System Modernization (OMS-M): |bphase 1 findings / |cSamson. |
| 264 | 1|a[Ottawa] : |bCorrectional Service Canada, Internal Audit Sector, |c7 July 2022. |
| 300 | |a1 online resource (31 pages) |
| 336 | |atext|btxt|2rdacontent |
| 337 | |acomputer|bc|2rdamedia |
| 338 | |aonline resource|bcr|2rdacarrier |
| 500 | |aIssued also in French under title: Modernisation du Système de gestion des délinquant(e)s (MSGD) : étape 1 constatations. |
| 610 | 20|aCorrectional Service Canada|xAuditing. |
| 650 | 0|aProject management|zCanada|xAuditing. |
| 650 | 0|aDatabase management|zCanada|xAuditing. |
| 710 | 2 |aCorrectional Service Canada. |bInternal Audit Sector, |eissuing body. |
| 710 | 2 |aSamson & Associates, |econsultant. |
| 775 | 08|tModernisation du Système de gestion des délinquant(e)s (MSGD) : |w(CaOODSP)9.941133 |
| 856 | 40|qPDF|s15.10 MB|uhttps://publications.gc.ca/collections/collection_2024/scc-csc/PS84-251-2022-eng.pdf |
| 856 | 4 |qHTML|sN/A|uhttps://www.canada.ca/en/correctional-service/corporate/transparency/audits-evaluations/offender-management-system-modernization.html |